Manual del promotor cultural

Na minha lista:
Detalhes bibliográficos
Autor principal: Colombres, Adolfo (Author)
Formato: Livro
Idioma:espanhol
Publicado em: Buenos Aires Humanitas 1990
Edição:2a. ed
Assuntos:
Tags: Adicionar Tag
Sem tags, seja o primeiro a adicionar uma tag!

MARC

LEADER 00000nam a2200000 a 4500
001 UCX5154
003 CL-VaPUC
008 921001e19900000AG |||||||||||||||||spa|d
082 0 4 |a 306.1  |b COL  |2 21 
100 0 |a Colombres, Adolfo  |e author  |9 321468 
245 1 0 |a Manual del promotor cultural 
250 |a 2a. ed 
300 |a 3 v 
942 |c BK 
945 |d 19921001 00:00:00 
260 |a Buenos Aires  |b Humanitas  |c 1990 
500 |a v.1: Bases teoricas de la accion 
500 |a v.2: La accion practica 
500 |a v.3: Documentos y materiales de trabajo 
650 0 |a Culturas indígenas  |9 266389 
583 |a last modification  |c 19921001 00:00:00  |k Rodrigo Vera 
999 |c 225474  |d 225472 
952 |0 0  |1 0  |4 0  |6 306_100000000000000_COL_1990  |7 0  |8 A  |9 223024  |a BIBGIM  |b BIBGIM  |d 2019-11-15  |h v.1  |i 291848K  |l 3  |o 306.1 COL 1990  |p 291848K  |r 2025-01-15  |s 2024-12-13  |w 2019-11-15  |y BK  |k SSL 
952 |0 0  |1 0  |4 0  |6 306_100000000000000_COL_1990  |7 0  |8 A  |9 223025  |a BIBGIM  |b BIBGIM  |d 2019-11-15  |h v.2  |i 2918498  |l 2  |o 306.1 COL 1990  |p 2918498  |r 2025-01-15  |s 2024-12-13  |w 2019-11-15  |y BK  |k SSL 
952 |0 0  |1 0  |4 0  |6 306_100000000000000_COL_1990  |7 0  |8 A  |9 223026  |a BIBGIM  |b BIBGIM  |d 2019-11-15  |h v.3  |i 2918501  |l 2  |o 306.1 COL 1990  |p 2918501  |r 2025-01-15  |s 2024-12-13  |w 2019-11-15  |y BK  |k SSL